000 00675nam a2200205Ia 4500
005 20260121110142.0
008 008 260114s9999 xx 000 0 hin d
020 _a9788132356141
037 _aEBOOK
040 _aCRL
_bhin
_cCRL
041 _ahin
_2hin
084 _qCRL
100 _aसीमा कुमारी / Seema Kumari
_9942691
245 0 _aनाटक एवं अन्य गद्य विधाएँ / Natak aur Anya Gady Vidhayein
260 _bभाषा प्रकाशन / Bhasha Prakashan
_c2021
856 _uhttps://bhashaprakashan.com/product-details/378751
942 _cEBOOK
999 _c1534356
_d1534356